[Event "Bilderberg 2007"]
[Site "Oosterbeek"]
[Date "2007.06.30"]
[Round "1"]
[White "Zuidema, C.."]
[Black "Grotenhuis, G.H.."]
[Result "1/2-1/2"]
[WhiteElo "2404"]
[BlackElo "2059"]
[PlyCount "49"]
[EventDate "2007.06.30"]
[SourceDate "2007.07.06"]

1. e4 d5 2. exd5 Qxd5 3. Nc3 Qd6 4. d4 Nf6 5. Nf3 c6 6. Ne5 Nbd7 7. Bf4 Nd5 8.
Ne4 Qc7 9. Bg3 Nxe5 10. dxe5 Bf5 11. Bd3 e6 12. O-O Bxe4 13. Bxe4 O-O-O 14. Qf3
g5 15. c4 Nf4 16. Bxf4 gxf4 17. Qxf4 Bg7 18. Qe3 Bxe5 19. Qxa7 Bxh2+ 20. Kh1
Be5 21. Rad1 Qe7 22. g3 Bb8 23. Qa5 h5 24. Rxd8+ Qxd8 25. Qxd8+ 1/2-1/2

[Event "Bilderberg 2007"]
[Site "Oosterbeek"]
[Date "2007.06.30"]
[Round "1"]
[White "Leeuwen , E. van"]
[Black "Böhm, H.."]
[Result "1/2-1/2"]
[WhiteElo "2047"]
[BlackElo "2265"]
[PlyCount "35"]
[EventDate "2007.06.30"]
[SourceDate "2007.07.06"]

1. e4 d5 2. exd5 Qxd5 3. Nf3 Bg4 4. Be2 Nf6 5. O-O c6 6. d4 e6 7. c4 Qd8 8. h3
Bh5 9. Nc3 Be7 10. Bf4 O-O 11. Re1 Nbd7 12. Rc1 Re8 13. d5 exd5 14. cxd5 Bb4
15. dxc6 bxc6 16. Nd4 Bxe2 17. Rxe2 Bxc3 18. bxc3 1/2-1/2

[Event "Bilderberg 2007"]
[Site "Oosterbeek"]
[Date "2007.06.30"]
[Round "1"]
[White "Vogel, J.            ."]
[Black "Visser, G.M.."]
[Result "1/2-1/2"]
[WhiteElo "2214"]
[BlackElo "2019"]
[PlyCount "64"]
[EventDate "2007.06.30"]
[SourceDate "2007.07.06"]

1. Nf3 c5 2. g3 Nc6 3. Bg2 g6 4. c3 Bg7 5. d4 cxd4 6. cxd4 Nf6 7. Nc3 d6 8. e4
O-O 9. O-O d5 10. e5 Ne4 11. Be3 Nxc3 12. bxc3 Na5 13. Nd2 Bf5 14. Qe2 Rc8 15.
Rac1 Qd7 16. Nb3 Nc4 17. Nc5 Rxc5 18. dxc5 Bxe5 19. Rfd1 Be6 20. Qxc4 dxc4 21.
Rxd7 Bxd7 22. Bxb7 Bf5 23. f3 Rd8 24. c6 Bb8 25. g4 Be6 26. Rc2 Rd1+ 27. Kg2
Bd5 28. Bd4 e5 29. c7 Bxc7 30. Bxd5 exd4 31. cxd4 Rxd4 32. Bxc4 Bf4 1/2-1/2

[Event "Bilderberg 2007"]
[Site "Oosterbeek"]
[Date "2007.06.30"]
[Round "1"]
[White "Haitsma, A.H.."]
[Black "Markus, J.R.          ."]
[Result "0-1"]
[WhiteElo "2013"]
[BlackElo "2200"]
[PlyCount "96"]
[EventDate "2007.06.30"]
[SourceDate "2007.07.06"]

1. d4 g6 2. c4 Bg7 3. Nc3 d6 4. e4 Nc6 5. Nge2 e5 6. d5 Nce7 7. Be3 f5 8. f3
Nf6 9. Qd2 f4 10. Bf2 g5 11. Nc1 h5 12. b4 Ng6 13. Nb3 g4 14. c5 O-O 15. Rc1
Rf7 16. Nb5 a6 17. Na3 Ne8 18. Nc4 Nh4 19. Rc3 Bd7 20. Nba5 Rb8 21. cxd6 Nxd6
22. Nxd6 cxd6 23. Nc4 Bb5 24. Bb6 Qf6 25. Nb2 Bxf1 26. Rxf1 Ng6 27. Qf2 Bf8 28.
Kd2 Be7 29. Qe2 Rg7 30. Rfc1 Rf8 31. Nd3 Qh4 32. Ne1 Qxh2 33. fxg4 hxg4 34.
Qxg4 f3 35. Nxf3 Qh6+ 36. Be3 Nf4 37. Qe6+ Qxe6 38. dxe6 Rxg2+ 39. Ke1 Nxe6 40.
Bb6 Rf4 41. Nd2 Bh4+ 42. Kd1 Bf2 43. Be3 Bxe3 44. Rxe3 Rff2 45. Rc8+ Kg7 46.
Rd3 Nd4 47. Kc1 Rg1+ 48. Kb2 Rd1 0-1

[Event "Bilderberg 2007"]
[Site "Oosterbeek"]
[Date "2007.06.30"]
[Round "1"]
[White "Hartoch, R.G.."]
[Black "Monté, P.J.."]
[Result "1/2-1/2"]
[WhiteElo "2193"]
[BlackElo "2006"]
[PlyCount "31"]
[EventDate "2007.06.30"]
[SourceDate "2007.07.06"]

1. Nf3 e6 2. g3 f5 3. Bg2 Nf6 4. O-O Be7 5. c4 O-O 6. Nc3 d6 7. d4 Qe8 8. b4 e5
9. Qb3 e4 10. Ne1 Nc6 11. Nc2 a5 12. b5 Nd8 13. f3 Qg6 14. Nd5 Nxd5 15. cxd5
Nf7 16. a4 1/2-1/2

[Event "Bilderberg 2007"]
[Site "Oosterbeek"]
[Date "2007.06.30"]
[Round "1"]
[White "Duijvesteijn, L.W.T.."]
[Black "Etmans, M.D.."]
[Result "0-1"]
[WhiteElo "1985"]
[BlackElo "2186"]
[PlyCount "50"]
[EventDate "2007.06.30"]
[SourceDate "2007.07.06"]

1. e4 Nf6 2. Nc3 d5 3. e5 Ne4 4. d4 Bf5 5. Nge2 e6 6. Be3 Bb4 7. a3 Nxc3 8.
Nxc3 Bxc3+ 9. bxc3 Nd7 10. c4 Nb6 11. c3 O-O 12. c5 Nc4 13. Bc1 b6 14. a4 f6
15. Bxc4 dxc4 16. O-O fxe5 17. cxb6 axb6 18. Re1 exd4 19. Qxd4 Qxd4 20. cxd4
Rfd8 21. Bb2 Rd5 22. Bc3 Kf7 23. Re5 Rxe5 24. dxe5 c5 25. Kf1 Bc2 0-1

[Event "Bilderberg 2007"]
[Site "Oosterbeek"]
[Date "2007.06.30"]
[Round "1"]
[White "Berg, A.M.J. van den"]
[Black "Mostertman, L.G.."]
[Result "1-0"]
[WhiteElo "2169"]
[BlackElo "1980"]
[PlyCount "109"]
[EventDate "2007.06.30"]
[SourceDate "2007.07.06"]

1. c4 g6 2. d4 Bg7 3. Nc3 d6 4. e4 e5 5. d5 Nd7 6. Nf3 a5 7. Be2 Nc5 8. Bg5 f6
9. Be3 Ne7 10. h4 h5 11. a3 a4 12. Bxc5 dxc5 13. Nxa4 b6 14. Nc3 O-O 15. Nb5
Ba6 16. Nxc7 Qxc7 17. d6 Qd7 18. dxe7 Qxe7 19. Qc2 Bh6 20. Rd1 Bb7 21. O-O f5
22. Bd3 f4 23. Qb3 Bc8 24. Bc2 Bg4 25. Rd5 Bxf3 26. Qxf3 Qxh4 27. Rd6 Kh7 28.
Rfd1 g5 29. Qh3 Qxh3 30. gxh3 f3 31. Rd7+ Bg7 32. R1d5 Rae8 33. Rb7 Re6 34. Ba4
Rf4 35. Bd7 Ref6 36. Bf5+ R6xf5 37. exf5 Kg8 38. Rb8+ Kf7 39. Rd7+ Kf6 40.
Rxb6+ Kxf5 41. Rxg7 Rxc4 42. Rb3 Rc1+ 43. Kh2 e4 44. Rc3 Rf1 45. Rxc5+ Kf6 46.
Rgxg5 Rxf2+ 47. Kg1 Rxb2 48. Rgf5+ Ke6 49. Rfe5+ Kf6 50. Rf5+ Kg6 51. Rf4 Rb1+
52. Kf2 Rb2+ 53. Ke3 Re2+ 54. Kd4 Rd2+ 55. Kxe4 1-0

[Event "Bilderberg 2007"]
[Site "Oosterbeek"]
[Date "2007.06.30"]
[Round "1"]
[White "Sep, C.J.P.."]
[Black "Graaff, R.A.G. de"]
[Result "0-1"]
[WhiteElo "1971"]
[BlackElo "2155"]
[PlyCount "60"]
[EventDate "2007.06.30"]
[SourceDate "2007.07.06"]

1. e4 g6 2. d4 Bg7 3. Nc3 d6 4. f4 a6 5. Nf3 b5 6. Bd3 Nd7 7. e5 c5 8. Be4 Rb8
9. dxc5 Nxc5 10. Bc6+ Bd7 11. Bxd7+ Qxd7 12. exd6 exd6 13. O-O Ne7 14. Be3 Ne6
15. Nd4 O-O 16. Qd2 Rfe8 17. Rae1 b4 18. Ne4 Nc5 19. Bf2 Nf5 20. Ng5 h6 21.
Rxe8+ Rxe8 22. Nxf5 Qxf5 23. Nh3 a5 24. Qxd6 Ne4 25. Qd3 Nxf2 26. Nxf2 Bxb2 27.
Qxf5 gxf5 28. Nd3 Bd4+ 29. Kh1 Re2 30. a3 bxa3 0-1

[Event "Bilderberg 2007"]
[Site "Oosterbeek"]
[Date "2007.06.30"]
[Round "1"]
[White "Speijer, N.B.."]
[Black "Hajenius, W.D.."]
[Result "1/2-1/2"]
[WhiteElo "2133"]
[BlackElo "1967"]
[PlyCount "100"]
[EventDate "2007.06.30"]
[SourceDate "2007.07.06"]

1. e4 c5 2. Nf3 e6 3. d4 cxd4 4. Nxd4 Nf6 5. Nc3 Nc6 6. Ndb5 Bb4 7. a3 Bxc3+ 8.
Nxc3 d5 9. exd5 exd5 10. Bd3 h6 11. O-O O-O 12. Bf4 d4 13. Ne2 Qd5 14. Ng3 Be6
15. Re1 Rfe8 16. Qd2 g5 17. Ne4 Nxe4 18. Bxe4 Qc5 19. Bxc6 bxc6 20. Re5 Bd5 21.
Rae1 Rxe5 22. Bxe5 Re8 23. Bf6 Rxe1+ 24. Qxe1 Qxc2 25. Bxd4 a6 26. f3 Kh7 27.
Qe5 Qd1+ 28. Kf2 Qd2+ 29. Kg3 Qf4+ 30. Qxf4 gxf4+ 31. Kxf4 Kg6 32. g4 a5 33. h4
a4 34. h5+ Kh7 35. Kg3 Bb3 36. f4 Bc2 37. Kh4 Bd3 38. g5 Bf5 39. Bc5 Kg7 40.
gxh6+ Kxh6 41. Bf8+ Kh7 42. Kg5 Be6 43. Kf6 Bb3 44. Ke5 Bc4 45. f5 Bb3 46. h6
Bc4 47. Bg7 Bb3 48. Kd6 Bc2 49. Kxc6 Bxf5 50. Kb5 Bc2 1/2-1/2

[Event "Bilderberg 2007"]
[Site "Oosterbeek"]
[Date "2007.06.30"]
[Round "1"]
[White "Plijter, M.W.."]
[Black "Piket, J.J.."]
[Result "0-1"]
[WhiteElo "1960"]
[BlackElo "2120"]
[PlyCount "66"]
[EventDate "2007.06.30"]
[SourceDate "2007.07.06"]

1. e4 d6 2. d4 g6 3. Bc4 c6 4. Qf3 Nf6 5. Nc3 Nbd7 6. Nge2 e5 7. Bg5 Bg7 8. d5
Nb6 9. Bxf6 Bxf6 10. Bb3 c5 11. a4 O-O 12. a5 Nd7 13. Ba4 Qxa5 14. O-O Qd8 15.
Nb5 Be7 16. c4 Nf6 17. h3 h5 18. Qe3 a6 19. Nbc3 Nh7 20. f4 exf4 21. Nxf4 Bf6
22. Kh1 Bd4 23. Qd3 Qh4 24. g3 Qe7 25. Kh2 Be5 26. Qe3 h4 27. Kg2 hxg3 28. Rh1
Qh4 29. Raf1 Ng5 30. Qxg3 Qxg3+ 31. Kxg3 Bxc3 32. bxc3 Nxe4+ 33. Kf3 Nd2+ 0-1

[Event "Bilderberg 2007"]
[Site "Oosterbeek"]
[Date "2007.06.30"]
[Round "1"]
[White "Arp, F.L.."]
[Black "Oosthout , W.L.."]
[Result "0-1"]
[WhiteElo "2118"]
[BlackElo "1950"]
[PlyCount "76"]
[EventDate "2007.06.30"]
[SourceDate "2007.07.06"]

1. e4 e5 2. Nf3 Nc6 3. Bb5 a6 4. Ba4 Nf6 5. O-O Nxe4 6. d4 b5 7. Bb3 d5 8. dxe5
Be6 9. c3 Be7 10. Be3 O-O 11. Nbd2 Qd7 12. Bc2 f5 13. exf6 Nxf6 14. Ng5 Bf5 15.
Ndf3 Rad8 16. Bxf5 Qxf5 17. Nh4 Qe5 18. Qd3 Ne4 19. f4 Qf6 20. Nhf3 Qg6 21. Nh4
Qh6 22. Nhf3 Qg6 23. f5 Rxf5 24. Nh4 Rxf1+ 25. Rxf1 Qh5 26. Nxe4 Qxh4 27. Ng3
Ne5 28. Qf5 Ng4 29. Qe6+ Kh8 30. Rf3 Qxh2+ 31. Kf1 Qh4 32. Bg1 Nh6 33. Qxa6
Qc4+ 34. Ne2 Bd6 35. b3 Qe4 36. Bf2 Ng4 37. Nd4 Nh2+ 38. Kg1 Qb1+ 0-1

[Event "Bilderberg 2007"]
[Site "Oosterbeek"]
[Date "2007.06.30"]
[Round "1"]
[White "Scholten, K.R.        ."]
[Black "Ruiter, T. de"]
[Result "1-0"]
[WhiteElo "1945"]
[BlackElo "2112"]
[PlyCount "73"]
[EventDate "2007.06.30"]
[SourceDate "2007.07.06"]

1. e4 c5 2. d4 cxd4 3. Nf3 d6 4. Nxd4 Nf6 5. Nc3 a6 6. Be3 e6 7. f3 b5 8. Qd2
Bb7 9. a4 b4 10. Nd1 d5 11. e5 Nfd7 12. f4 Nc6 13. Be2 Nc5 14. Nf2 Be7 15. O-O
O-O 16. Rfd1 Qc7 17. Nd3 Ne4 18. Qe1 Rab8 19. Nb3 Bc8 20. a5 f6 21. exf6 Bxf6
22. Bf3 Nd6 23. Bb6 Rxb6 24. axb6 Qxb6+ 25. Qf2 Qxf2+ 26. Kxf2 Nc4 27. Ra2 Bd8
28. Re1 Bb6+ 29. Ke2 a5 30. Kd1 Be3 31. Nbc5 Bxf4 32. Nxe6 Bxe6 33. Rxe6 N6e5
34. Nxe5 Bxe5 35. b3 Ne3+ 36. Ke2 Bf4 37. Rxe3 1-0

[Event "Bilderberg 2007"]
[Site "Oosterbeek"]
[Date "2007.06.30"]
[Round "1"]
[White "Brongers, H.R.        ."]
[Black "Wilmink, J.."]
[Result "1-0"]
[WhiteElo "2072"]
[BlackElo "1942"]
[PlyCount "109"]
[EventDate "2007.06.30"]
[SourceDate "2007.07.06"]

1. e4 c5 2. Nf3 d6 3. d4 cxd4 4. Nxd4 Nf6 5. Nc3 g6 6. Be3 Bg7 7. f3 Nc6 8. Qd2
O-O 9. g4 Nd7 10. O-O-O Nxd4 11. Bxd4 Ne5 12. Be2 Be6 13. Kb1 Qd7 14. h4 Rfc8
15. h5 Bc4 16. hxg6 hxg6 17. g5 b5 18. f4 Nc6 19. Bxg7 Kxg7 20. Nxb5 Bxe2 21.
Qxe2 Nb4 22. c3 Nc6 23. Nd4 Na5 24. f5 Rh8 25. f6+ exf6 26. gxf6+ Kxf6 27. Qf2+
Kg7 28. Nf5+ gxf5 29. Rdg1+ Kf6 30. Qd4+ Ke7 31. Rxh8 Nc6 32. Qg7 Rxh8 33. Qxh8
Qe6 34. Qh4+ Kd7 35. Re1 Ne5 36. Qf2 fxe4 37. Qxa7+ Ke8 38. Qa8+ Ke7 39. Qxe4
f5 40. Qb7+ Kf6 41. a4 f4 42. Qe4 f3 43. Qh4+ Kf7 44. Qh7+ Ke8 45. Qe4 Kf7 46.
a5 Qg6 47. Qxg6+ Kxg6 48. Kc2 Kf5 49. a6 Nc6 50. Ra1 Na7 51. Kd3 Kf4 52. c4 Kg3
53. b4 f2 54. b5 Nc8 55. Ke2 1-0

[Event "Bilderberg 2007"]
[Site "Oosterbeek"]
[Date "2007.06.30"]
[Round "1"]
[White "Peut, A. van de"]
[Black "Caspel, R.D.J. van  "]
[Result "0-1"]
[WhiteElo "1924"]
[BlackElo "2067"]
[PlyCount "80"]
[EventDate "2007.06.30"]
[SourceDate "2007.07.06"]

1. e4 c6 2. d4 d5 3. Nc3 g6 4. Nf3 Bg4 5. h3 Bxf3 6. gxf3 Bg7 7. Be3 e6 8. Qd2
h5 9. O-O-O Nd7 10. Kb1 Qa5 11. Rg1 Bf8 12. Bg5 Bb4 13. a3 Bxc3 14. Qxc3 Qxc3
15. bxc3 b5 16. Ka2 a6 17. Bd3 Nb6 18. Rde1 Na4 19. Bd2 Rc8 20. f4 dxe4 21.
Bxe4 Ne7 22. Kb3 O-O 23. Bd3 Rfd8 24. Re5 c5 25. dxc5 Nxc5+ 26. Kb2 Nxd3+ 27.
cxd3 Rxd3 28. Kc2 Rxh3 29. Be3 Nd5 30. Kb2 Nxe3 31. fxe3 Rd8 32. Kc2 Kg7 33. a4
bxa4 34. c4 Rh2+ 35. Kc3 a3 36. Ra5 a2 37. Ra1 Re2 38. R1xa2 Rxe3+ 39. Kb4 Rb8+
40. Kc5 Re4 0-1

[Event "Bilderberg 2007"]
[Site "Oosterbeek"]
[Date "2007.06.30"]
[Round "1"]
[White "Goossen, T.P.."]
[Black "Nagel, J.G.."]
[Result "1-0"]
[WhiteElo "2060"]
[BlackElo "1916"]
[PlyCount "146"]
[EventDate "2007.06.30"]
[SourceDate "2007.07.06"]

1. e4 e5 2. Nf3 Nc6 3. Bb5 a6 4. Bxc6 dxc6 5. Nc3 Bg4 6. h3 Bxf3 7. Qxf3 Qf6 8.
Qg3 O-O-O 9. d3 h6 10. f4 Bd6 11. Rf1 Kb8 12. f5 Ne7 13. Be3 Nc8 14. O-O-O Qe7
15. Qf2 f6 16. g4 Bb4 17. Na4 b6 18. c3 Bd6 19. Kb1 c5 20. b3 Kb7 21. h4 Qe8
22. Qf3 Ka7 23. Nb2 Kb8 24. Kc2 Na7 25. Rh1 Be7 26. Rh3 Nb5 27. Nc4 Nd6 28. Nb2
Nf7 29. a4 Qc6 30. Ra1 Rd7 31. Rd1 Rhd8 32. Bc1 Kb7 33. Nc4 Kb8 34. Ne3 Qb7 35.
Nd5 Bf8 36. Qe2 c6 37. Ne3 Be7 38. Nc4 Qc7 39. Nb2 Kb7 40. Be3 a5 41. Ra1 Qb8
42. Bf2 Qa7 43. Qf1 Qb8 44. Qg1 Qc7 45. Nc4 Ka6 46. Re3 Kb7 47. Nb2 Ka6 48.
Ree1 Kb7 49. Red1 Ka6 50. Nc4 Nd6 51. Be3 Nxc4 52. bxc4 Rd6 53. Rab1 Qd7 54.
Qf1 Qe8 55. Rb3 Qd7 56. Qe2 Re8 57. Rdb1 Bd8 58. Rd1 Bc7 59. Rbb1 Rd8 60. Rd2
Ka7 61. Rh1 Rh8 62. Rh2 Kb7 63. g5 hxg5 64. hxg5 Qe8 65. g6 Qg8 66. Qf1 Qe8 67.
Qh1 Rg8 68. Rh7 Qf8 69. Qb1 Kc8 70. Rh1 Qd8 71. Qf1 Qf8 72. Rg2 Rd8 73. Bc1 Qd6
{rest notatie ontbreekt of onduidelijk} 1-0

[Event "Bilderberg 2007"]
[Site "Oosterbeek"]
[Date "2007.07.01"]
[Round "2"]
[White "Markus, J.R.          ."]
[Black "Brongers, H.R.        ."]
[Result "1-0"]
[WhiteElo "2200"]
[BlackElo "2072"]
[PlyCount "87"]
[EventDate "2007.06.30"]
[SourceDate "2007.07.06"]

1. d4 Nf6 2. Nf3 g6 3. Bg5 Bg7 4. Nbd2 d5 5. e3 O-O 6. b4 Ne4 7. Nxe4 dxe4 8.
Nd2 h6 9. Bf4 g5 10. Bg3 f5 11. Bc4+ e6 12. h3 Qe7 13. c3 Nd7 14. Bxc7 Nf6 15.
Be5 Bd7 16. O-O Rac8 17. Rc1 Qe8 18. Bb3 Qe7 19. a3 Rf7 20. Nc4 Ne8 21. Bxg7
Rxg7 22. Ne5 Nf6 23. Qe2 g4 24. h4 g3 25. fxg3 Rxg3 26. Rxf5 Kh8 27. Rf2 Rcg8
28. Rcf1 Ng4 29. Nxg4 R3xg4 30. Rf7 Qxh4 31. Rf8 Qg5 32. Rxg8+ Qxg8 33. Rf6 Qg5
34. Rxh6+ Qxh6 35. Qxg4 Qxe3+ 36. Kh2 Qxc3 37. Qh4+ Kg7 38. Qe7+ Kg6 39. Bxe6
Bxe6 40. Qxe6+ Kg5 41. Qe5+ Kh6 42. Qxe4 b6 43. Qh4+ Kg6 44. Qg3+ 1-0

[Event "Bilderberg 2007"]
[Site "Oosterbeek"]
[Date "2007.07.01"]
[Round "2"]
[White "Etmans, M.D.."]
[Black "Caspel, R.D.J. van  "]
[Result "0-1"]
[WhiteElo "2186"]
[BlackElo "2067"]
[PlyCount "72"]
[EventDate "2007.06.30"]
[SourceDate "2007.07.06"]

1. e4 c6 2. d4 d5 3. e5 g6 4. c4 Bg7 5. Nc3 Na6 6. cxd5 Nb4 7. dxc6 Qxd4 8.
Qxd4 Nc2+ 9. Kd1 Nxd4 10. Bf4 bxc6 11. Bd3 Bf5 12. Bxf5 gxf5 13. Nf3 f6 14. Re1
Rd8 15. Kc1 Nxf3 16. gxf3 Rd3 17. e6 Rxf3 18. Be3 Bh6 19. Kc2 Bxe3 20. fxe3 Nh6
21. Re2 Ng4 22. Rae1 h5 23. b4 O-O 24. b5 Rc8 25. Kb3 cxb5 26. Nxb5 Rb8 27. Ka4
Rh3 28. Nd4 Rb6 29. Rc1 Rxe3 30. Rc8+ Kh7 31. Rxe3 Nxe3 32. Rd8 f4 33. Rd7 Kg6
34. a3 Nf5 35. Nxf5 Kxf5 36. Rxe7 f3 0-1

[Event "Bilderberg 2007"]
[Site "Oosterbeek"]
[Date "2007.07.01"]
[Round "2"]
[White "Oosthout , W.L.."]
[Black "Berg, A.M.J. van den"]
[Result "1/2-1/2"]
[WhiteElo "1950"]
[BlackElo "2169"]
[PlyCount "97"]
[EventDate "2007.06.30"]
[SourceDate "2007.07.06"]

1. e4 c5 2. Nc3 e6 3. g3 d5 4. exd5 exd5 5. Bg2 Nf6 6. d3 Be7 7. Nge2 d4 8. Ne4
Nxe4 9. Bxe4 Nd7 10. h3 Nf6 11. Bg2 O-O 12. O-O Re8 13. Re1 Qb6 14. b3 Bd7 15.
Bg5 h6 16. Bd2 Bc6 17. Nf4 Bxg2 18. Kxg2 Qc6+ 19. Qf3 Qxf3+ 20. Kxf3 g5 21. Ne2
Bd6 22. Ng1 Rxe1 23. Rxe1 b5 24. g4 Kg7 25. Ne2 Nd5 26. Rb1 Rf8 27. h4 f6 28.
Ke4 Re8+ 29. Kxd5 Rxe2 30. hxg5 hxg5 31. Kxd6 Rxd2 32. Kxc5 Rxc2+ 33. Kxb5 Rxa2
34. f4 Rg2 35. fxg5 fxg5 36. Ra1 Rxg4 37. Rxa7+ Kf6 38. Kc4 Rf4 39. Rd7 g4 40.
Rd8 Kg5 41. b4 g3 42. Rg8+ Kh4 43. Rh8+ Kg4 44. b5 g2 45. b6 Kf3 46. Rg8 Rg4
47. Rxg4 Kxg4 48. b7 g1=Q 49. b8=Q 1/2-1/2

[Event "Bilderberg 2007"]
[Site "Oosterbeek"]
[Date "2007.07.01"]
[Round "2"]
[White "Graaff, R.A.G. de"]
[Black "Goossen, T.P.."]
[Result "1-0"]
[WhiteElo "2155"]
[BlackElo "2060"]
[PlyCount "56"]
[EventDate "2007.06.30"]
[SourceDate "2007.07.06"]

1. d4 d5 2. Nf3 e6 3. c4 c6 4. e3 f5 5. Nc3 Nf6 6. Ne5 Bd6 7. f4 O-O 8. Be2 b6
9. O-O Bb7 10. Rb1 Qe7 11. a3 a5 12. Bd2 Ne4 13. Nxe4 dxe4 14. b4 axb4 15. axb4
c5 16. bxc5 bxc5 17. Bc3 Bxe5 18. dxe5 Ra2 19. Re1 Bc6 20. Qb3 Ra7 21. Red1 Rb7
22. Qa2 Rxb1 23. Qxb1 g5 24. g3 Kh8 25. Qb6 gxf4 26. exf4 Rc8 27. Rd6 Qc7 28.
Qxc7 Rxc7 1-0

[Event "Bilderberg 2007"]
[Site "Oosterbeek"]
[Date "2007.07.01"]
[Round "2"]
[White "Piket, J.J.."]
[Black "Scholten, K.R.        ."]
[Result "1/2-1/2"]
[WhiteElo "2120"]
[BlackElo "1945"]
[PlyCount "92"]
[EventDate "2007.06.30"]
[SourceDate "2007.07.06"]

1. d4 Nf6 2. Bg5 d5 3. Bxf6 exf6 4. e3 g6 5. c4 Bg7 6. Nc3 dxc4 7. Bxc4 O-O 8.
h4 h5 9. Nge2 c6 10. Nf4 Kh7 11. Nxh5 gxh5 12. Qxh5+ Kg8 13. g4 Nd7 14. g5 Qa5
15. Rg1 Qf5 16. e4 Qh7 17. Bxf7+ Rxf7 18. Qxh7+ Kxh7 19. g6+ Kg8 20. gxf7+ Kxf7
21. O-O-O Bh6+ 22. Kc2 Nf8 23. h5 Bd7 24. b3 Ne6 25. f3 Rh8 26. d5 cxd5 27.
Nxd5 Bc6 28. Nb4 Bb5 29. a4 Be8 30. Rh1 Nf4 31. Rd8 Bf8 32. Nd5 Rxh5 33. Rxh5
Nxh5 34. Kc3 Bc6 35. Kc4 a6 36. Rc8 b5+ 37. Kc3 Bxd5 38. exd5 bxa4 39. bxa4 a5
40. Ra8 Bb4+ 41. Kc4 Ke7 42. Ra7+ Kd6 43. Ra6+ Ke7 44. Kd4 Ng3 45. Re6+ Kf7 46.
Kc4 Nf5 1/2-1/2

[Event "Bilderberg 2007"]
[Site "Oosterbeek"]
[Date "2007.07.01"]
[Round "2"]
[White "Visser, G.M.."]
[Black "Zuidema, C.."]
[Result "1-0"]
[WhiteElo "2019"]
[BlackElo "2404"]
[PlyCount "65"]
[EventDate "2007.06.30"]
[SourceDate "2007.07.06"]

1. e4 e5 2. Nf3 Nc6 3. Bb5 a6 4. Ba4 Nf6 5. O-O Be7 6. Re1 b5 7. Bb3 d6 8. c3
O-O 9. h3 Nb8 10. d4 Nbd7 11. Nbd2 Bb7 12. Bc2 c5 13. Nf1 Qc7 14. d5 Rfe8 15.
Ne3 g6 16. Ng4 Nxg4 17. hxg4 Qd8 18. g3 Bc8 19. Kg2 Nf6 20. Nh2 Qd7 21. Rh1
Nxg4 22. Nxg4 Qxg4 23. f3 Qd7 24. Bh6 f6 25. Qd2 Bf8 26. a4 Bxh6 27. Rxh6 Re7
28. axb5 Qxb5 29. Ba4 Qb6 30. Rah1 Rb8 31. b3 Bd7 32. Rxg6+ hxg6 33. Qh6 1-0

[Event "Bilderberg 2007"]
[Site "Oosterbeek"]
[Date "2007.07.01"]
[Round "2"]
[White "Böhm, H.."]
[Black "Speijer, N.B.."]
[Result "1/2-1/2"]
[WhiteElo "2265"]
[BlackElo "2133"]
[PlyCount "80"]
[EventDate "2007.06.30"]
[SourceDate "2007.07.06"]

1. d4 Nf6 2. c3 g6 3. Bg5 Bg7 4. Nd2 O-O 5. e3 d6 6. Bd3 b6 7. Ne2 Bb7 8. O-O
Nbd7 9. a4 Qe8 10. a5 e5 11. Qb3 Kh8 12. Bxf6 Nxf6 13. Bb5 Qe7 14. a6 Bc8 15.
Bc6 Rb8 16. dxe5 dxe5 17. Qa3 Qe6 18. Bf3 Bd7 19. Rfd1 Rbd8 20. Ng3 Bc6 21.
Bxc6 Qxc6 22. Nf3 Nd7 23. Rd2 Nc5 24. Rad1 Rxd2 25. Rxd2 h6 26. Qa2 Ne6 27. h4
e4 28. Ne1 Rd8 29. Rxd8+ Nxd8 30. h5 Be5 31. Ne2 gxh5 32. Nc2 Ne6 33. Ncd4 Bxd4
34. Nxd4 Nxd4 35. exd4 Kg7 36. Qb1 f5 37. Qd1 Qg6 38. Qa4 Qd6 39. Qe8 h4 40.
Qc8 f4 1/2-1/2

[Event "Bilderberg 2007"]
[Site "Oosterbeek"]
[Date "2007.07.01"]
[Round "2"]
[White "Monté, P.J.."]
[Black "Vogel, J.            ."]
[Result "1-0"]
[WhiteElo "2006"]
[BlackElo "2214"]
[PlyCount "62"]
[EventDate "2007.06.30"]
[SourceDate "2007.07.06"]

1. e4 e6 2. d4 d5 3. e5 c5 4. c3 Nc6 5. Nf3 Bd7 6. Be2 f6 7. O-O fxe5 8. Nxe5
Nxe5 9. dxe5 Qc7 10. c4 d4 11. Bd3 Ne7 12. Re1 O-O-O 13. Na3 a6 14. Nc2 Nc6 15.
Bf4 Be7 16. a3 g5 17. Bg3 h5 18. h3 Rdg8 19. b4 cxb4 20. axb4 Nxb4 21. Nxd4 Rd8
22. Be4 Be8 23. Re2 Bc6 24. Bg6 Rh6 25. Bf7 h4 26. Bh2 Qb6 27. Rd2 Bc5 28.
Bxe6+ Rxe6 29. Nxe6 Bxf2+ 30. Kh1 Rxd2 31. Qxd2 Be3 1-0

[Event "Bilderberg 2007"]
[Site "Oosterbeek"]
[Date "2007.07.01"]
[Round "2"]
[White "Hajenius, W.D.."]
[Black "Huizinga, S.W.."]
[Result "0-1"]
[WhiteElo "1967"]
[BlackElo "1870"]
[PlyCount "110"]
[EventDate "2007.06.30"]
[SourceDate "2007.07.06"]

1. d4 Nf6 2. c4 e6 3. Nc3 Bb4 4. Bg5 h6 5. Bh4 c5 6. d5 b5 7. cxb5 Qa5 8. Bxf6
gxf6 9. Qc2 a6 10. dxe6 dxe6 11. e3 axb5 12. Be2 Bb7 13. Bf3 Bxf3 14. Nxf3 Ke7
15. O-O Bxc3 16. bxc3 Nd7 17. Rfd1 Rhd8 18. Qe4 Qc7 19. Nh4 Ra4 20. Nf5+ Kf8
21. Nd4 cxd4 22. cxd4 f5 23. Qh4 Kg7 24. e4 Nf6 25. exf5 exf5 26. Rd3 f4 27.
Rh3 Ng8 28. Qg4+ Kh8 29. Qg5 Qd6 30. d5 Qf6 31. Rxh6+ Qxh6 32. Qxd8 Qf6 33.
Qxf6+ Nxf6 34. Rb1 Rxa2 35. Kf1 Ne4 36. Re1 Nd6 37. Rb1 Kg7 38. Rb4 Ra4 39. Rb3
Ne4 40. Rd3 Nd6 41. g3 fxg3 42. hxg3 b4 43. Rb3 Nc4 44. Ke2 Na5 45. Rd3 b3 46.
d6 Ra2+ 47. Kf3 b2 48. d7 Nc6 49. Rb3 Ne5+ 50. Ke3 Nxd7 51. Kd4 Nf6 52. Kd3 Ng4
53. Kc2 Nxf2 54. Kb1 Ra1+ 55. Kxb2 Rg1 0-1

[Event "Bilderberg 2007"]
[Site "Oosterbeek"]
[Date "2007.07.01"]
[Round "2"]
[White "Grotenhuis, G.H.."]
[Black "Leeuwen , E. van"]
[Result "1-0"]
[WhiteElo "2059"]
[BlackElo "2047"]
[PlyCount "107"]
[EventDate "2007.06.30"]
[SourceDate "2007.07.06"]

1. b3 e5 2. Bb2 Nc6 3. e3 d5 4. Bb5 Bd6 5. Nf3 Qe7 6. d4 Bg4 7. h3 Bxf3 8. gxf3
Nf6 9. dxe5 Bxe5 10. Bxc6+ bxc6 11. c3 O-O 12. Qc2 Qe6 13. Nd2 c5 14. O-O-O a5
15. f4 Bd6 16. c4 a4 17. Rhg1 axb3 18. axb3 d4 19. Rg3 Ra2 20. Rdg1 g6 21. f5
Qe7 22. fxg6 fxg6 23. Rg5 Be5 24. Qb1 Rxb2 25. Qxb2 dxe3 26. Qxe5 exd2+ 27. Kd1
Qd7 28. Rxg6+ hxg6 29. Rxg6+ Kh7 30. Rxf6 Rxf6 31. Qxf6 Qxh3 32. Qe7+ Kg6 33.
Qe4+ Kg7 34. Qe5+ Kh7 35. Qxc7+ Kh8 36. Qd8+ Kg7 37. Qg5+ Kh8 38. Qxc5 Qxb3+
39. Kxd2 Qb2+ 40. Ke3 Qc1+ 41. Ke4 Qc2+ 42. Ke5 Qg6 43. Qf8+ Kh7 44. Qe7+ Kg8
45. Qe6+ Kh8 46. Qh3+ Kg8 47. Qg3 Kh8 48. Qh4+ Kg8 49. Qd8+ Kh7 50. Qe7+ Kg8
51. f4 Qc2 52. Qg5+ Kh8 53. Kf6 Qh7 54. Qe5 1-0

[Event "Bilderberg 2007"]
[Site "Oosterbeek"]
[Date "2007.07.01"]
[Round "2"]
[White "Sep, C.J.P.."]
[Black "Arp, F.L.."]
[Result "0-1"]
[WhiteElo "1971"]
[BlackElo "2118"]
[PlyCount "76"]
[EventDate "2007.06.30"]
[SourceDate "2007.07.06"]

1. e4 e5 2. Nf3 Nc6 3. Bb5 a6 4. Ba4 Nf6 5. O-O Be7 6. Bxc6 dxc6 7. d3 Nd7 8.
Nbd2 b5 9. b3 O-O 10. Bb2 f6 11. d4 exd4 12. Nxd4 Ne5 13. N2f3 Bg4 14. h3 Bxf3
15. Nxf3 Qxd1 16. Raxd1 Nxf3+ 17. gxf3 Rad8 18. Rfe1 Bb4 19. c3 Bc5 20. Kf1 Kf7
21. Ke2 Ke7 22. Rg1 g6 23. Bc1 Rxd1 24. Rxd1 a5 25. Be3 Bd6 26. f4 Ke6 27. Rg1
a4 28. bxa4 Ra8 29. axb5 Rxa2+ 30. Kd3 cxb5 31. Rc1 c5 32. Rc2 Ra3 33. Ke2 b4
34. cxb4 cxb4 35. Rc6 Kd7 36. Rb6 Kc7 37. Rb5 Ra6 38. e5 Kc6 0-1